000 00758cab a2200277 4500
001 ABS53864
008 090401t1995 xxu||||| |||| 00| 0 eng d
035 _a(Sirsi) u6998
041 _aeng
100 _aSheard, E.
245 _aVAT on property - `simplification`?
260 _c1995
350 _a0
490 _aProperty Review
_v5(8) October 1995, 247-251(5)
520 _aReviews the effects of changes over the last two years to rules governing VAT on property.
650 _aCAPITAL GOODS SCHEME
650 _aINDUCEMENTS
650 _aOPTION TO TAX
650 _aRESIDENTIAL CONVERSIONS
650 _aSURRENDERS
650 _aVAT ACT 1994
650 _aVALUE ADDED TAX
690 _aTAXATION
942 _n0
948 _c04/03/1997
999 _c4166
_d4166